Recept na úspech Michaely Paštekovej

Bibliographic Details
Main Author: Žáková, Katarína (Author)
Format: Article
Language:Slovak
PhysicalDescription:Fotogr. 1
ISSN:0139-7451
Subjects:

MARC

LEADER 00000nab a2200000 a 4500
001 vtls000598110
003 SK-MaSNL
005 20260304021257.0
008 121001c1996 xo 0 slo
015 |a SNBRB19rr/mm-uuuuu 
035 |a CL0598249 
040 |a SNKBUCL  |b slo  |c SNKBUCL  |e AACR2 
041 0 |a slo 
044 |a xo  |c SK 
080 |a 78.071.2:784.66  |2 1981 
080 |a 784.66  |2 1981 
100 1 |a Žáková, Katarína  |4 aut  |9 275900 
245 1 0 |a Recept na úspech Michaely Paštekovej  |c Michaela Pašteková, Katarína Žáková 
300 |b Fotogr. 1 
600 1 7 |a Hučko Pašteková, Michaela,  |d 1982-  |2 snkbucl  |9 249331 
655 7 |a rozhovory  |2 snkbucl  |9 31831 
655 7 |a články z novín a časopisov  |2 snkbucl  |9 267496 
700 1 |a Hučko Pašteková, Michaela,  |d 1982-  |4 ive  |9 249331 
773 0 |t Eurotelevízia  |g Roč. 6, č. 21 (1996), s. 38  |x 0139-7451 
850 |a Slovenská národná knižnica v Martine  |a MTA001 
852 |a SNK  |b KIS3GCP 
958 |a BX 
992 |a RBX 
999 |c 2604821  |d 2606751